American Zionism and U.S. Foreign Policy, 1942-1947/ (Record no. 13083)
[ view plain ]
| 000 -LEADER | |
|---|---|
| fixed length control field | 01065cam a22002651 4500 |
| 001 - CONTROL NUMBER | |
| control field | 9375413 |
| 005 - DATE AND TIME OF LATEST TRANSACTION | |
| control field | 20050719183852.0 |
| 008 - FIXED-LENGTH DATA ELEMENTS--GENERAL INFORMATION | |
| fixed length control field | 720919s1962 nyu j b 00| 0 eng d |
| 010 ## - LIBRARY OF CONGRESS CONTROL NUMBER | |
| LC control number | 62012330 |
| 035 ## - SYSTEM CONTROL NUMBER | |
| System control number | (OCoLC)408824 |
| 040 ## - CATALOGING SOURCE | |
| Original cataloging agency | DLC |
| Transcribing agency | ODaWU |
| Modifying agency | OCoLC |
| -- | ICIU |
| -- | DLC |
| 042 ## - AUTHENTICATION CODE | |
| Authentication code | premarc |
| 082 ## - DEWEY DECIMAL CLASSIFICATION NUMBER | |
| Classification number | 327.7305694 |
| Item number | STE |
| Edition number | 22 |
| 100 1# - MAIN ENTRY--PERSONAL NAME | |
| Personal name | Stevens, Richard P., |
| Dates associated with a name | 1931- |
| 9 (RLIN) | 10158 |
| 245 10 - TITLE STATEMENT | |
| Title | American Zionism and U.S. Foreign Policy, 1942-1947/ |
| Statement of responsibility, etc | by Richard P. Stevens |
| 260 ## - PUBLICATION, DISTRIBUTION, ETC. (IMPRINT) | |
| Place of publication, distribution, etc | New York: |
| Name of publisher, distributor, etc | Pageant Press, |
| Date of publication, distribution, etc | 1962 |
| 300 ## - PHYSICAL DESCRIPTION | |
| Extent | xxi, 227 p.; |
| Dimensions | 21 cm. |
| 500 ## - GENERAL NOTE | |
| General note | Donated by: Alaa Abdel Ghany |
| 504 ## - BIBLIOGRAPHY, ETC. NOTE | |
| Bibliography, etc | Bibliography: p. 220-227. |
| 650 #0 - SUBJECT ADDED ENTRY--TOPICAL TERM | |
| Topical term or geographic name as entry element | Zionism |
| Geographic subdivision | United States. |
| 9 (RLIN) | 10159 |
| 651 #0 - SUBJECT ADDED ENTRY--GEOGRAPHIC NAME | |
| Geographic name | United States |
| General subdivision | Foreign relations |
| Geographic subdivision | Palestine. |
| 9 (RLIN) | 10160 |
| 651 #0 - SUBJECT ADDED ENTRY--GEOGRAPHIC NAME | |
| Geographic name | United States |
| General subdivision | --Foreign relations |
| Geographic subdivision | --Israel |
| 9 (RLIN) | 10189 |
| 942 ## - ADDED ENTRY ELEMENTS (KOHA) | |
| Source of classification or shelving scheme | Dewey Decimal Classification |
| Item type | Book - Borrowing |
| Withdrawn status | Item status | Source of classification or shelving scheme | Damaged status | Not for loan | Vendor | Home library | Current library | Shelving location | Date acquired | Source of acquisition | Total Checkouts | Full call number | Barcode | Date last seen | Date last borrowed | Koha item type | Public note |
|---|---|---|---|---|---|---|---|---|---|---|---|---|---|---|---|---|---|
| Dewey Decimal Classification | Central Library | Central Library | First floor | 03/01/2010 | Donation | 2 | 327.7305694 STE | 000019385 | 15/07/2025 | 12/12/2010 | Book - Borrowing | donated by Alaa AbdelGhaney |